000 00585nam a2200181Ia 4500
001 65740
003 OSt
005 20160315122616.0
008 150403s9999 xx 000 0 und d
040 _cPK-LaUMT
082 _a 616.024
_bAB-G
100 _aAbual Jamali Khalid Javed Shamsi
245 _a(گھریلو دوایں)Gharelo dawain (Urdu)
_c(عبدالجمیل خالد جاوید شمسی)Abual Jamali Khalid Javed Shamsi
260 _a(لاہور، پاکستان)Lahore,Pakistan:
_b(تخلیقات)Takhleqaat,
_c2013
300 _a175 p.
546 _aUR
942 _cBK
_2ddc
999 _c69049
_d69049